اكتمل التصدير — 

Hajj paintings folk art of the great pilgrimage

محفوظ في:

المؤلف الرئيسي: Ann Parker

مؤلفون آخرون: Avon Neal

التنسيق: كتاب

اللغة: Undetermined

منشور في: Washington smithsonian Institution 1995

الموضوعات:

الوسوم: إضافة وسم

لا توجد وسوم, كن أول من يضع وسما على هذه التسجيلة!

رقم الطلب: (L) ND2863 .N33

LEADER 00641nam a2200181Ia 4500
008 221124s9999||||xx |||||||||||||| ||und||
020 |a 1560985461 
050 4 |a (L) ND2863 .N33 
100 1 |a Ann Parker 
245 1 0 |a Hajj paintings  |b  folk art of the great pilgrimage 
264 1 |a Washington  |b smithsonian Institution  |c 1995 
300 |a 164.p  |c 29cm 
650 4 |a  Muslim pilgrims and pilgrimages 
650 4 |a Muslim pilgrims and pilgrimages Saudi Arabia Mecca 
700 1 |a Avon Neal 
942 |2 lcc  |c BK 
952 |0 0  |1 0  |2 lcc  |4 0  |7 1  |9 43999  |a ARCE  |b ARCE  |d 2022-11-24  |l 0  |o (L) ND2863 .N33  |p 1023624  |r 2022-11-24 00:00:00  |w 2022-11-24  |y BK 
999 |c 50456  |d 50456